Modern construction management /

Bibliographic Details
Main Author: Harris, Frank, 1944-
Corporate Author: ebrary, Inc
Other Authors: McCaffer, Ronald, Edum-Fotwe, Francis
Format: eBook
Language:English
Published: ©2013
Edition:Seventh edition.
Subjects:
Online Access:Connect to the full text of this electronic book

MARC

Tag First Indicator Second Indicator Subfields
LEADER 00000cam a22000001i 4500
001 in00003156607
006 m |o d |
007 cr |n|||||||||
008 130408t20132013enka ob 001 0 eng d
005 20250816205932.1
020 |a 1118510216 (electronic bk.) 
020 |a 9781118510216 (electronic bk.) 
020 |z 9780470672174 (pbk. : alk. paper) 
020 |z 047067217X (pbk. : alk. paper) 
035 |a (NhCcYBP)ebr10667408 
040 |a NhCcYBP  |c NhCcYBP  |d UtOrBLW 
050 4 |a HD9715.A2  |b H35 2013 
082 0 4 |a 624.068  |2 23 
100 1 |a Harris, Frank,  |d 1944- 
245 1 0 |a Modern construction management /  |c Frank Harris, Emeritus Professor of Construction Science, University of Wolverhampton and Ronald McCaffer, Emeritus Professor of Construction Management, Loughborough University, with Francis Edum-Fotwe, Lecturer in Construction Management, Loughborough University. 
250 |a Seventh edition. 
264 0 |a Chichester, West Sussex, UK,  |c [2013] 
264 4 |c ©2013 
300 |a 1 online resource. 
336 |a text  |b txt  |2 rdacontent 
337 |a computer  |b c  |2 rdamedia 
338 |a online resource  |b cr  |2 rdacarrier 
504 |a Includes bibliographical references and index. 
588 |a Description based on print version record. 
500 |a Electronic resource. 
650 0 |a Construction industry  |x Management. 
655 7 |a Electronic books.  |2 local 
700 1 |a McCaffer, Ronald. 
700 1 |a Edum-Fotwe, Francis. 
710 2 |a ebrary, Inc. 
776 1 8 |c Original  |z 9780470672174  |z 047067217X  |w (DLC) 2012023206 
856 4 1 |u https://ebookcentral.proquest.com/lib/tamucs/detail.action?docID=1132836  |y Connect to the full text of this electronic book  |t 0 
955 |a YBP purchased DDA e-records 
980 |b 86.93  |g 1 
999 f f |s b58d7458-dacd-3783-978e-a0f58ef7e489  |i 3bbdc12f-a397-3137-be1a-a89d6d26bcdb  |t 0 
999 |a MARS 
952 f f |a Texas A&M University  |b College Station  |c Electronic Resources  |d Available Online  |t 0  |e HD9715.A2 H35 2013  |h Library of Congress classification 
998 f f |a HD9715.A2 H35 2013  |t 0  |l Available Online